| 000 | 01764cam a22002655a 4500 | ||
|---|---|---|---|
| 001 | L144430 | ||
| 008 | 080717s2004 xxkad f 001 0 eng d | ||
| 035 | _a(Sirsi) u144430 | ||
| 041 | 0 | _aeng | |
| 082 | _a342.410853 | ||
| 100 | 1 | _aSmith, Kenneth | |
| 245 | 0 | 0 |
_aFreedom of information _ba practical guide to implementing the Act |
| 260 |
_aLondon _bFacet _c2004 |
||
| 300 |
_axi, 186p. _bill. _c26cm. |
||
| 505 | 2 | _aBackground to the Freedom of Information Act -- The legislation -- Exemptions -- Publication schemes -- Enforcement and appeal -- Records management -- Data protection, human rights and other legislation -- Staff and training -- Getting ready for Freedom of Information -- Appendices | |
| 520 | _aAims to be a practical guide to the implementation of the Freedom of Information Act 2000 (FOI). Combines descriptions with checklists, models and practical examples. Avoids describing the Act in legal language. Instead it focuses on implementation from a user's point of view, directing the reader to those parts of the Act which will affect implementation procedures. Includes the information needed to comply with the Act. Explains how the FOI relates to other legislation such as data protection and human rights. Appendices include Codes of Practice under the Freedom of Information Act 2000 S45 and S46, on the discharge of public authorities' functions and the management of records. | ||
| 521 | 2 | 0 | _aAdvanced |
| 590 | _aKA | ||
| 650 | 2 | 4 | _aFREEDOM OF INFORMATION ACT 2000 |
| 650 | 2 | 4 | _aCODE OF PRACTICE ON THE DISCHARGE OF PUBLIC AUTHORITIES FUNCTIONS |
| 650 | 2 | 4 | _aCODE OF PRACTICE ON THE MANAGEMENT OF RECORDS |
| 651 | 4 | _aUnited Kingdom | |
| 690 | _aMANAGEMENT-BUSINESS MANAGEMENT-INFORMATION MANAGEMENT | ||
| 942 |
_n0 _2ddc |
||
| 999 |
_c108507 _d108507 |
||